| 000 -LEADER |
| fixed length control field |
00473nam a22001097a 4500 |
| 008 - FIXED-LENGTH DATA ELEMENTS--GENERAL INFORMATION |
| fixed length control field |
160328b xxu||||| |||| 00| 0 eng d |
| 100 ## - MAIN ENTRY--AUTHOR'S NAME |
| Author's Name |
Deninger, Hermann |
| 245 ## - TITLE STATEMENT |
| Title |
Abgekurzte vorphilatelistische Stempel 2nd ed. |
| 260 ## - PUBLICATION, DISTRIBUTION, ETC. (IMPRINT) |
| Place of publication, distribution, etc. |
Freiburg in Br., Germany |
| Name of publisher, distributor, etc. |
Kricheldorf Verlag |
| Date of publication, distribution, etc. |
1953 |
| 500 ## - GENERAL NOTE |
| Materials specified |
Text in German.<br/>Translation of title: Abbreviated pre-philatelic postal markings.<br/>Bibliography: p. 9-13. |
| 650 ## - TOPICAL TERM (Tag) |
| Topical term or geographic name |
Postal Markings | Pre-adhesive Covers | Covers | Postal History |